000 00907nam a22001817a 4500
003 AM-YeHGA
040 _aAM-YeHGA
090 _c453448
005 20250617160317.0
008 200908b1961 ru ||||| |||| 00| 0 rus d
041 0 _arus
100 1 _aМарков, Михаил Васильевич
245 1 0 _aЗлаки Татарской АССР :
_b(Определитель) : Пособие для студентов университетов, педагогических сельскохозяйственных институтов, работников сельского и лесного хозяйства, учителей и краеведов-любителей /
_cМ. В. Марков
260 _aКазань :
_bИзд-во Казан. ун-та,
_c1961
300 _a72 с.,
_b ил.
650 1 4 _aЗлаки - Татар. АССР - Определители
942 _2udc
_cBK
999 _c450516
_d450516